| 000 | 01226cam a2200325 i 4500 | ||
|---|---|---|---|
| 001 | 24353 | ||
| 003 | Mx-PuUPA | ||
| 005 | 20250630143124.0 | ||
| 008 | 140415s2011 mx a gr 000 0 spa d | ||
| 020 | _a9786074212709 | ||
| 040 |
_aMx-PuUPA _bspa _cMx-PuUPA _dMx-PuUPA _erda |
||
| 041 | 0 | _aspa | |
| 100 | 1 |
_917024 _aRivero Taravillo, Antonio, _eautor |
|
| 245 | 1 | 0 |
_aLuis Cernuda : _baños de exilio (1938-1963) / _cLuis Antonio Rivero Taravillo |
| 250 |
_a1a. edición / _bmayo |
||
| 264 | 1 |
_aMéxico, D.F. : _bTusquets Editores México, _c2011 |
|
| 300 |
_a388 páginas : _bilustraciones (en blanco y negro) ; _c23 cm |
||
| 336 |
_2rdacontent _atexto _btxt |
||
| 337 |
_2rdamedia _asin medio _bn |
||
| 338 |
_2rdacarrier _avolumen _bnc |
||
| 490 | 0 |
_aTiempo de Memoria ; _v68/2 |
|
| 600 | 1 | 4 |
_aCernuda, Luis, _d1902-1963 _vBiografía |
| 650 | 7 |
_2armarc _aAutores españoles _ySiglo XX _vBiografía |
|
| 650 | 7 |
_2armarc _aPoetas españoles _xSemblaza biográfica |
|
| 650 | 7 |
_2armarc _aPoestas españoles _ySiglo XX _vBiografía |
|
| 942 |
_2ddc _cLI _h809.10089946 _iC45 |
||
| 999 |
_c24353 _d24353 |
||